| 000 | 01584nam2a22002651 4500 | ||
|---|---|---|---|
| 001 | RU\NLR\INFOCOMM18\1000119123 | ||
| 005 | 20250617132715.0 | ||
| 035 | _a(NLR Aleph) 002630509 | ||
| 090 |
_a3696554 _c3696554 |
||
| 100 | _a20040922d1994 |||y0rusy50 ca | ||
| 101 | 0 | _arus | |
| 102 | _aRU | ||
| 105 | _ay ||||||||| | ||
| 200 | 0 | _aВып.72 | |
| 210 |
_d1994 _aБ. м. |
||
| 225 | 1 |
_a... _vВып.72 _i... _v1994 |
|
| 461 | 0 |
_1001RU\NLR\INFOCOMM\1000034506 _12001#$a[Издания]$fВсерос. НИИ гидрогеологии и инж. геологии (ВСЕГИНГЕО). Комплекс. гидрогеол. экспедиция$vВып.72 _91988459 _aВсероссийский НИИ гидрогеологии и инженерной геологии. Комплексная гидрогеологическая экспедиция _cМ. _d1976- _fВсерос. НИИ гидрогеологии и инж. геологии (ВСЕГИНГЕО). Комплекс. гидрогеол. экспедиция _t[Издания] _vВып.72 |
|
| 462 | 0 |
_1001RU\NLR\INFOCOMM18\1000119118 _12001#$aПрогноз осенне-зимних минимальных уровней грунтовых вод территории СССР$v1994 _93696508 _d1986- _t[Издания]. - Прогноз осенне-зимних минимальных уровней грунтовых вод территории СССР _v1994 |
|
| 801 | 1 |
_aRU _bInfoComm _c20040922 |
|
| 801 | 0 |
_aRU _bNLR _gPSBO |
|
| 852 |
_aNLR _jП7/1811 |
||
| 942 | _cISSUE | ||
| 980 | _aNB | ||
| 980 | _aRUSPER | ||